| 000 | 00642nam a22002177a 4500 | ||
|---|---|---|---|
| 003 | OSt | ||
| 005 | 20140310182021.0 | ||
| 008 | 130731t xxu||||| |||| 00| 0 eng d | ||
| 020 | _a9780901577788 | ||
| 050 |
_aLC 1090 _b.W177 2002 |
||
| 082 |
_aTR 370.19 _bW15 2002 |
||
| 100 |
_aWalker, George _97069 |
||
| 245 |
_aTo educate the nations : _breflections on an international education / _cGeorge Walker. |
||
| 260 |
_aGreat Glenham : _bJohn Catt Educational, _cc2002. |
||
| 300 |
_a214 p. : _c21 cm. |
||
| 521 | _aFaculty | ||
| 541 | _j1 | ||
| 562 | _e1 | ||
| 650 |
_a International education. _97070 |
||
| 942 |
_2lcc _cBK-TR _kTR |
||
| 999 |
_c8359 _d8359 |
||